| 000 | 00895nam a22002297a 4500 | ||
|---|---|---|---|
| 005 | 20240530110444.0 | ||
| 008 | 150426s2006 ua g b 000 0 ara d | ||
| 017 |
_a2006/22714 _bمصر . دار الكتب المصرية |
||
| 020 | _a9774194943 | ||
| 040 | _aEG-CaGPL | ||
| 082 | 0 | 4 |
_221 _a229.4\ _bأ ع |
| 100 | 0 | _aاسامة الالفى | |
| 245 | 1 | 0 |
_aعوامل قيام الحضارات و انهيارها فى القران الكريم / _cاسامة الالفى |
| 260 |
_aالقاهرة : _bالهيئة المصرية العامة للكتاب ، _c2006 . |
||
| 300 |
_a230 ص ؛ _c16 سم . |
||
| 504 | _aيشتمل على ارجاعات ببليوجرافية | ||
| 650 | 0 | 4 | _aالحضارة الاسلامية |
| 650 | 0 | 4 | _aالتاريخ الاسلامى |
| 650 | 0 | 4 | _aالعلوم عند العرب |
| 942 |
_2ddc _cBK |
||
| 999 |
_c61109 _d61109 |
||